000 02305nam0a2200385 4500
001 RU\NLR\BIBL_A\022777812
005 20260607073219.0
021 _aRU
_bКН-П-26-007073
_9КН-П-26-0687
035 _a(NLR Aleph) 022777812
090 _a13700943
_c13700943
100 _a20260407d2025 u y0rusy50 ca
101 0 _arus
102 _aRU
105 _ay|||ac||011yb
181 0 _ai4
_baxxe
182 0 _an
200 1 _a"Человек не один на земле..."
_eк 200-летию М. Е. Салтыкова-Щедрина
_eметодико-библиографическое пособие
_fЯрославская областная библиотека им. Н. А. Некрасова
_gсоставители: С. И. Калашникова, библиотекарь [и др.]
_gредакторы: Е. А. Кузнецова, А. В. Журавлева, библиотекарь
203 _aТекст
_bвизуальный
_cнепосредственный
210 _aЯрославль
_cОбластная библиотека им. Н. А. Некрасова
_d2025
215 _a88 с.
_d21
320 _aИмен. указ.: с. 83-86
320 _aГеогр. указ.: с. 87
600 1 _aСалтыков-Щедрин
_bМ. Е.
_f1826 - 1889
_gМихаил Евграфович
_jБиблиография
_91570512
_3RU\NLR\AUTH\66987745
686 2 _aШ5(2=Р)52-4Салтыков-Щедрин.я1
702 1 _aКалашникова
_bС. И.
_gСветлана Ивановна
_4220
702 1 _4280
_8rus
_7ca
_aСалтыков-Щедрин
_bМ. Е.
_f1826-1889
_gМихаил Евграфович
_3RU\NLR\AUTH\774332
_9114313
702 1 _4340
_7ca
_8rus
_aКузнецова
_bЕ. А.
_cбиблиотекарь
_gЕлена Альбертовна
_997411
_3RU\NLR\AUTH\77114486
712 0 2 _4570
_aЯрославская областная универсальная научная библиотека им. Н. А. Некрасова
_9421118
_3RU\NLR\AUTH\889962405
942 _cBOOK
980 _aNB